000 00903nam a2200229Ii 4500
003 JO-AjNU
008 230605s9999||||xx |||||||||||||| ||und||
017 _a2004/9/2462
020 _a9957-16-057-5
040 _aJO-AjNU
_bara
_erda
_cJO-AjNU
041 _aara
050 1 4 _aK5101.N352.2005
100 3 _a نمور، محمد سعيد,
_eauthor
_925116
245 0 0 _aأصول الإجراءات الجزائية شرح لقانون أصول المحاكمات الجزائية
250 _aط1
264 3 1 _aعمان : دار الثقافة ، 2005
300 _a698ص
_bيشتمل على قائمة المراجع (667-674)
336 _atext
_btxt
_2rdacontent
337 _aunmediated
_bn
_2rdamedia
338 _avolume
_bnc
_2rdacarrier
650 4 _aالقانون الجزائي -- أصول المحاكمات -- الأردن -- اجراءات المحاكم -- العقوبات
_925117
999 _aA9352
_c12920
_d12920